000 00771nam a22002297a 4500
003 0
005 20251014131107.0
008 251014b xxu||||| |||| 00| 0 eng d
020 _a978-0-367-44384-9
050 _aRC 488.5
_b.W67 2025
100 _aWorthington, Everett Jr. L.,
_eauthor.
245 _aHope, forgiveness, and positive psychology in couple therapy /
_cEverett L. Worthington Jr. and Jennifer S. Ripley.
260 _aNew York, NY :
_bRoutledge,
_c2025.
300 _axxx, 302 pages :
_billustrations ;
_c23 cm.
504 _aIncludes bibliographical references and index.
650 _aCouples Therapy.
650 _aHope.
650 _aForgiveness.
650 _aPsychology, Positive.
700 _aRipley, Jennifer S.,
_eauthor.
942 _2lcc
_cBK
999 _c368232
_d368232